Normal view
MARC view
- رواية عربية
Entry Topical Term
001 - CONTROL NUMBER
- control field: 61707
003 - CONTROL NUMBER IDENTIFIER
- control field: JO-AjAnu
005 - DATE AND TIME OF LATEST TRANSACTION
- control field: 20230606084100.0
008 - FIXED-LENGTH DATA ELEMENTS
- fixed length control field: 230606|| aca||aabn | a|a d
040 ## - CATALOGING SOURCE
- Original cataloging agency: JO-AjAnu
- Transcribing agency: JO-AjAnu
150 ## - HEADING--TOPICAL TERM
- Topical term or geographic name entry element: رواية عربية
670 ## - SOURCE DATA FOUND
- Source citation: Work cat.: (JO-AjAnu)31474: الحكيم، توفيق, author 61706, شجرة الحكم